000 01183cam a2200337 4500
001 3605228
003 OSt
005 20140310182116.0
008 720921s1972 nyua 000 0 eng
010 _a 72008920
020 _a0393006530
040 _aDLC
_cDLC
_dDLC
050 0 0 _aML195
_b.R68 1972
082 0 0 _aHS 780.9033
_b R72 1972
100 1 _aRosen, Charles,
_d1927-
_913719
245 1 4 _aThe classical style: Haydn, Mozart, Beethoven.
260 _aNew York,
_bW. W. Norton
_c[1972]
300 _a467 p.
_billus.
_c20 cm.
350 _a$3.95
490 0 _aThe Norton library, N653
521 _aFourth year high school and above
562 _eFor circulation. One copy available in the collection.
600 1 0 _aHaydn, Joseph,
_d1732-1809
_xCriticism and interpretation.
_913720
600 1 0 _aMozart, Wolfgang Amadeus,
_d1756-1791
_xCriticism and interpretation.
_913721
600 1 0 _aBeethoven, Ludwig van,
_d1770-1827
_xCriticism and interpretation.
_913722
650 0 _aClassicism in music.
_913723
650 0 _aMusic
_y18th century
_xHistory and criticism.
_913724
906 _a7
_bcbc
_corignew
_d1
_eocip
_f19
_gy-gencatlg
942 _2lcc
_cBK
999 _c9465
_d9465